000 01894nam a2200433 a 4500
001 vtls003186587
003 MY-SjTCS
005 20200226111210.0
006 m u
007 cr cn|||||||||
008 100712s2001 cau sb 001 0 eng
010 _z 00-045812
020 _z0804729476 (alk. paper)
020 _z0804729484 (pbk. : alk. paper)
035 _a(CaPaEBR)ebr10042940
039 9 _y201007121550
_zVLOAD
040 _aCaPaEBR
_cCaPaEBR
050 1 4 _aPR9205.4
_b.H68 2001eb
082 0 4 _a813/.5099287/09729
_221
100 1 _aHoving, Isabel.
245 1 0 _aIn praise of new travelers
_h[electronic resource] :
_breading Caribbean migrant women writers /
_cIsabel Hoving.
260 _aStanford, Calif. :
_bStanford University Press,
_c2001.
300 _aix, 374 p. ;
_c24 cm.
490 1 _aCultural memory in the present
504 _aIncludes bibliographical references (p. [347]-361) and index.
529 _aTSLHHL
533 _aElectronic reproduction.
_bPalo Alto, Calif. :
_cebrary,
_d2009.
_nAvailable via World Wide Web.
_nAccess may be limited to ebrary affiliated libraries.
650 0 _aCaribbean fiction (English)
_xWomen authors
_xHistory and criticism.
650 0 _aEnglish fiction
_y20th century
_xHistory and criticism.
_913774
650 0 _aImmigrants' writings, English
_xHistory and criticism.
650 0 _aWomen and literature
_zCaribbean Area
_xHistory
_y20th century.
650 0 _aWomen in literature.
_924317
650 0 _aEmigration and immigration in literature.
651 0 _aCaribbean Area
_xIn literature.
655 7 _aElectronic books.
_2local
710 2 _aebrary, Inc.
_925628
830 0 _aCultural memory in the present.
_924873
856 4 0 _uhttps://ezproxy.taylors.edu.my/login?url=http://site.ebrary.com/lib/taylorscollege/Doc?id=10042940
_zAn electronic book accessible through the World Wide Web; click to view
999 _c77763